<?xml version="1.0" encoding="UTF-8"?>
<record
    xmlns:xsi="http://www.w3.org/2001/XMLSchema-instance"
    xsi:schemaLocation="http://www.loc.gov/MARC21/slim http://www.loc.gov/standards/marcxml/schema/MARC21slim.xsd"
    xmlns="http://www.loc.gov/MARC21/slim">

  <leader>01756nam a22001937a 4500</leader>
  <datafield tag="999" ind1=" " ind2=" ">
    <subfield code="c">38317</subfield>
    <subfield code="d">38317</subfield>
  </datafield>
  <datafield tag="020" ind1=" " ind2=" ">
    <subfield code="a">9781032222509</subfield>
  </datafield>
  <datafield tag="041" ind1=" " ind2=" ">
    <subfield code="a">eng-</subfield>
  </datafield>
  <datafield tag="082" ind1=" " ind2=" ">
    <subfield code="a">378.198019</subfield>
    <subfield code="b">ADV-</subfield>
  </datafield>
  <datafield tag="245" ind1=" " ind2=" ">
    <subfield code="a">Advancing Student Engagement in Higher Education :</subfield>
    <subfield code="b">Reflection, Critique and Challenge /</subfield>
    <subfield code="c">Edited By Tom Lowe</subfield>
  </datafield>
  <datafield tag="260" ind1=" " ind2=" ">
    <subfield code="a">Newyork :</subfield>
    <subfield code="b">Routledge,</subfield>
    <subfield code="c">2023.</subfield>
  </datafield>
  <datafield tag="300" ind1=" " ind2=" ">
    <subfield code="a">294p. </subfield>
  </datafield>
  <datafield tag="504" ind1=" " ind2=" ">
    <subfield code="a">Includes bibliographical references and index.</subfield>
  </datafield>
  <datafield tag="520" ind1=" " ind2=" ">
    <subfield code="a">Providing a selection of critical pieces on the key challenges and debates in student engagement in higher education, this edited collection of sector-leading, scholarly-informed critical reflections is designed to consider and build upon what can be done to advance student engagement.

By problematising student engagement practice, this book explores how to strengthen policies, recognise the issues and create solutions to overcome barriers and tensions. It considers topics such as diversity, accessibility, representativeness, evidencing impact, data analytics, the campus estate and the impact of COVID-19. The contributors provide lessons learned and knowledge from the field to make practice with students more considered and robust for the challenges ahead in the post-pandemic university.

Moving beyond endorsing student engagement and offering best practice to critically reflect on and challenge our engagements with students in contemporary higher education, this book is ideal reading for all those developing education, course leaders and heads of academic departments, as well as anyone interested in advancing student engagement in their higher education setting.</subfield>
  </datafield>
  <datafield tag="546" ind1=" " ind2=" ">
    <subfield code="a">English.</subfield>
  </datafield>
  <datafield tag="650" ind1=" " ind2=" ">
    <subfield code="a">Motivation in education</subfield>
  </datafield>
  <datafield tag="650" ind1=" " ind2=" ">
    <subfield code="a">Education, Higher</subfield>
  </datafield>
  <datafield tag="700" ind1=" " ind2=" ">
    <subfield code="a">Lowe, Tom</subfield>
    <subfield code="e">editor.</subfield>
  </datafield>
  <datafield tag="942" ind1=" " ind2=" ">
    <subfield code="2">ddc</subfield>
    <subfield code="c">BK</subfield>
  </datafield>
  <datafield tag="952" ind1=" " ind2=" ">
    <subfield code="0">0</subfield>
    <subfield code="1">0</subfield>
    <subfield code="4">0</subfield>
    <subfield code="7">0</subfield>
    <subfield code="a">NASSDOC</subfield>
    <subfield code="b">NASSDOC</subfield>
    <subfield code="d">2023-03-16</subfield>
    <subfield code="e">Overseas</subfield>
    <subfield code="g">0.00</subfield>
    <subfield code="l">0</subfield>
    <subfield code="o">378.198019 ADV-</subfield>
    <subfield code="p">52731</subfield>
    <subfield code="r">2023-05-27 00:00:00</subfield>
    <subfield code="v">0.00</subfield>
    <subfield code="w">2023-05-27</subfield>
    <subfield code="y">BK</subfield>
  </datafield>
</record>
